Journal of Contemporary Physics (Armenian Academy of Sciences)

Dettagli Bibliografici
Natura: Elettronico Periodico
Lingua:English
Pubblicazione: Pleiades Publishing
Accesso online:Full text available on Springer
Off-campus access
LEADER 00945cas a2200205 a 4500
001 AALejournalSpringer001264
008 230103c9999 xx r poo 0 0eng d
022 |a 1068-3372 
022 |a 1934-9378 
040 |a BD-DhAAL  |c BD-DhAAL 
245 0 0 |h [electronic resource]  |a Journal of Contemporary Physics (Armenian Academy of Sciences) 
260 |b Pleiades Publishing 
300 |a 1 online resource 
362 0 |a Vol. 42, no. 1 
500 |a <strong>Off-Campus Access:</strong> Athens ID and Password Required 
500 |a <strong>On-Campus Access:</strong> No User ID or Password Required 
506 |a Electronic access restricted to authorized BRAC University faculty, staff and students 
538 |a Mode of access: Internet 
856 4 0 |z Full text available on Springer  |u https://link.springer.com/journal/11958 
856 4 0 |z Off-campus access  |u https://go.openathens.net/redirector/bracu.ac.bd?url=https%3A%2F%2Flink.springer.com%2Fjournal%2F11958